| 000 | 00764nam a22002657a 4500 | ||
|---|---|---|---|
| 003 | UA-OsUOA | ||
| 001 | 112322 | ||
| 007 | ta | ||
| 008 | 20150701b un ||||| |||| 00| 0 ukr d | ||
| 100 | _aКудрявцев А. Ю. | ||
| 700 | _aКуропаткин Г. Д. | ||
| 090 | _a(038)=111=161.1 | ||
| 942 | _cBK | ||
| 040 |
_aUA-OsUOA _beng _cUA-OsUOA _dUA-OsUOA |
||
| 245 | _aАнгло-русский словарь табуированной лексики и эфемизмов | ||
| 300 | _a384 с. | ||
| 955 | _a2 | ||
| 041 | _aeng | ||
| 080 | _a(038)=111=161.1 | ||
| 020 | _a985-453-146-5 | ||
| 591 | _aХудолій А. О. | ||
| 260 |
_aМинск _bКузьма _c2003 |
||
| 650 | 7 |
_a0 Загальний відділ. _2UDC |
|
| 999 |
_c398400 _d398400 |
||